[Event "Oberliga Nord O 1819"]
[Site "Germany"]
[Date "2018.12.16"]
[Round "4.5"]
[White "Boewer, Roland"]
[Black "Luther, Alexander"]
[Result "1/2-1/2"]
[WhiteElo "2198"]
[BlackElo "2017"]
[PlyCount "93"]
[EventDate "2018.10.21"]
[EventType "team-tourn"]
[EventRounds "9"]
[EventCountry "GER"]
[SourceTitle "EXT 2020"]
[Source "ChessBase"]
[SourceDate "2019.10.17"]
[SourceVersion "1"]
[SourceVersionDate "2019.10.17"]
[SourceQuality "1"]
[WhiteTeam "Oberschoeneweide"]
[BlackTeam "Guestrow/Teterow"]
[WhiteTeamCountry "GER"]
[BlackTeamCountry "GER"]

1. Nf3 d5 2. d3 Nf6 3. Nbd2 e6 4. e4 dxe4 5. dxe4 Be7 6. Bd3 c5 7. Qe2 Nc6 8. c3 Qc7 9. 0-0 0-0 10. e5 Nd7 11. Re1 Rd8 12. Bc2 b5 13. a4 b4 14. Nc4 Ba6 15. Qe4 g6 16. Bf4 Bxc4 17. Qxc4 Nb6 18. Qe2 Nd5 19. Bd2 bxc3 20. bxc3 Rab8 21. Rab1 Rxb1 22. Rxb1 Rb8 23. Rb5 a6 24. Rxb8+ Nxb8 25. Be4 Qb6 26. Qc4 Qb7 27. h3 Nb6 28. Qe2 Qd7 29. a5 Nd5 30. Qd3 Qd8 31. Nh2 Qxa5 32. Bxd5 exd5 33. Qxd5 Qd8 34. c4 a5 35. Ng4 Qxd5 36. cxd5 a4 37. Bc1 Nd7 38. d6 Bd8 39. Ba3 Bb6 40. f4 h5 41. Ne3 g5 42. Nc4 gxf4 43. Kf2 Bd8 44. Kf3 Nb6 45. Nxb6 Bxb6 46. Kxf4 Kf8 47. Ke4 1/2-1/2

[Event "Berlin Lichtenrade op 10th"]
[Site "Berlin"]
[Date "2014.10.19"]
[Round "2"]
[White "Hoermann, David"]
[Black "Boewer, Roland"]
[Result "1-0"]
[WhiteElo "1973"]
[BlackElo "2248"]
[PlyCount "75"]
[EventDate "2014.10.18"]
[EventType "swiss"]
[EventRounds "9"]
[EventCountry "GER"]
[SourceTitle "EXT 2015"]
[Source "ChessBase"]
[SourceDate "2014.11.20"]
[SourceVersion "1"]
[SourceVersionDate "2014.11.20"]
[SourceQuality "1"]

1. e4 d6 2. d4 g6 3. Be3 Bg7 4. Nc3 c6 5. Qd2 b5 6. f3 Qc7 7. g4 Nd7 8. Nce2 a6 9. Ng3 Bb7 10. 0-0-0 c5 11. Kb1 e6 12. c3 0-0-0 13. h4 h6 14. Qf2 Kb8 15. N1e2 Rc8 16. Nc1 Ne7 17. Nb3 Rhf8 18. g5 hxg5 19. hxg5 c4 20. Nd2 Rh8 21. Bg2 Rcf8 22. Rxh8 Rxh8 23. Rh1 Qd8 24. Qf1 Qg8 25. Kc2 Rh7 26. f4 Qh8 27. Rxh7 Qxh7 28. Qh1 Qxh1 29. Nxh1 Kc7 30. Bf3 f5 31. gxf6 Nxf6 32. Nf2 Bh6 33. Nh3 e5 34. fxe5 Bxe3 35. exf6 Nc8 36. e5 Bxf3 37. Nxf3 Kd7 38. Nhg5 1-0

[Event "Berlin Lichtenrade op 05th"]
[Site "Berlin"]
[Date "2009.10.17"]
[Round "1"]
[White "Krawatzki, Armin"]
[Black "Boewer, Roland"]
[Result "0-1"]
[WhiteElo "1824"]
[BlackElo "2246"]
[PlyCount "58"]
[EventDate "2009.10.11"]
[EventType "swiss"]
[EventRounds "9"]
[EventCountry "GER"]
[SourceTitle "EXT 2010"]
[Source "ChessBase"]
[SourceDate "2010.11.25"]
[SourceVersion "1"]
[SourceVersionDate "2010.11.25"]
[SourceQuality "1"]

1. Nf3 Nf6 2. d4 d6 3. Nc3 g6 4. e4 Bg7 5. Bd3 0-0 6. Be3 c6 7. Qd2 b5 8. Bh6 Qc7 9. Bxg7 Kxg7 10. h3 e5 11. 0-0 a6 12. dxe5 dxe5 13. b4 Nbd7 14. a4 Bb7 15. Ne2 c5 16. bxc5 Bxe4 17. Bxe4 Nxe4 18. Qe3 Ndxc5 19. Nxe5 Qxe5 20. f3 Nxa4 21. fxe4 Rfe8 22. Ng3 Qc5 23. Rae1 Rac8 24. Rf2 Qxe3 25. Rxe3 Rc4 26. e5 Nc5 27. Kf1 h5 28. h4 Rxh4 29. Rc3 Rxe5 0-1

[Event "Dresden ZMD op"]
[Site "Dresden"]
[Date "2009.08.01"]
[Round "8"]
[White "Boewer, Roland"]
[Black "Mueller, Martin"]
[Result "1-0"]
[WhiteElo "2249"]
[BlackElo "2093"]
[PlyCount "63"]
[EventDate "2009.07.25"]
[EventType "swiss"]
[EventRounds "9"]
[EventCountry "GER"]
[SourceTitle "CBM 131 Extra"]
[Source "ChessBase"]
[SourceDate "2009.09.03"]
[SourceVersion "2"]
[SourceVersionDate "2009.09.16"]
[SourceQuality "1"]

1. Nf3 d6 2. g3 g6 3. Bg2 Bg7 4. 0-0 c5 5. c4 Nc6 6. Nc3 e5 7. d3 Nge7 8. a3 h6 9. Bd2 0-0 10. Rb1 Be6 11. b4 Qd7 12. Na4 b6 13. b5 Nd8 14. Nxe5 dxe5 15. Bxa8 Nb7 16. Bxb7 Qxb7 17. e4 Bh3 18. Re1 f5 19. Nc3 f4 20. f3 g5 21. Nd5 Ng6 22. Bc3 Qf7 23. Rb2 h5 24. Rf2 g4 25. fxg4 h4 26. gxf4 exf4 27. Bxg7 Qxg7 28. Qf3 Ne5 29. Qxh3 f3 30. Qxh4 Rf7 31. Ne3 Nxd3 32. Qd8+ 1-0

[Event "Dresden ZMD op"]
[Site "Dresden"]
[Date "2009.07.31"]
[Round "7"]
[White "Nuber, Korbinian"]
[Black "Boewer, Roland"]
[Result "1-0"]
[WhiteElo "2168"]
[BlackElo "2249"]
[PlyCount "91"]
[EventDate "2009.07.25"]
[EventType "swiss"]
[EventRounds "9"]
[EventCountry "GER"]
[SourceTitle "CBM 131 Extra"]
[Source "ChessBase"]
[SourceDate "2009.09.03"]
[SourceVersion "2"]
[SourceVersionDate "2009.09.16"]
[SourceQuality "1"]

1. e4 c5 2. Nc3 Nc6 3. Bb5 g6 4. Bxc6 dxc6 5. d3 Bg7 6. Be3 b6 7. f4 e5 8. Nf3 Bg4 9. h3 exf4 10. Bxf4 Qf6 11. Bh2 Bxf3 12. Qxf3 Qxf3 13. gxf3 Nh6 14. 0-0-0 0-0-0 15. Nb1 Rhe8 16. Nd2 f6 17. h4 Nf7 18. Bf4 Bf8 19. h5 g5 20. Bg3 Bd6 21. Bxd6 Nxd6 22. f4 gxf4 23. Rdf1 f5 24. Rxf4 fxe4 25. Nxe4 Nxe4 26. Rxe4 Rg8 27. Rf1 Rd7 28. Rf6 Kb7 29. h6 Rg2 30. Ref4 Ka6 31. Rf7 Rd4 32. Rxd4 cxd4 33. b3 Rh2 34. Rxh7 Kb5 35. Rh8 Kb4 36. Kb2 Rh1 37. h7 Rh2 38. a3+ Kb5 39. Kc1 a5 40. Kd1 Kc5 41. Kc1 Kb5 42. Kb2 Kc5 43. a4 Rh1 44. c3 Rh4 45. b4+ axb4 46. cxd4+ 1-0

[Event "Dresden ZMD op"]
[Site "Dresden"]
[Date "2009.07.30"]
[Round "6"]
[White "Boewer, Roland"]
[Black "Borgmeyer, Max"]
[Result "1-0"]
[WhiteElo "2249"]
[BlackElo "2044"]
[PlyCount "97"]
[EventDate "2009.07.25"]
[EventType "swiss"]
[EventRounds "9"]
[EventCountry "GER"]
[SourceTitle "CBM 131 Extra"]
[Source "ChessBase"]
[SourceDate "2009.09.03"]
[SourceVersion "2"]
[SourceVersionDate "2009.09.16"]
[SourceQuality "1"]

1. Nf3 Nf6 2. g3 g6 3. Bg2 Bg7 4. 0-0 d5 5. c4 c6 6. d3 0-0 7. Nbd2 Re8 8. Qc2 e5 9. Rd1 Qe7 10. e4 Na6 11. a3 Nc7 12. b4 d4 13. c5 Nh5 14. Nc4 Rf8 15. a4 Ne8 16. Re1 f6 17. h3 Bh8 18. Ba3 Be6 19. Rab1 a6 20. Kh2 Qf7 21. Nfd2 f5 22. exf5 Qxf5 23. Ne4 Nhf6 24. Nxf6+ Bxf6 25. Bc1 Bg7 26. Kg1 Bd5 27. g4 Qf7 28. Bxd5 Qxd5 29. Nd2 Nc7 30. Ne4 Ne6 31. Kg2 Nf4+ 32. Bxf4 Rxf4 33. Qb3 Raf8 34. Rb2 Rf3 35. Rd1 Kh8 36. Qxd5 cxd5 37. Nd6 e4 38. dxe4 d3 39. Rbd2 Bc3 40. exd5 Bxb4 41. Nxb7 Bxd2 42. Rxd2 R3f4 43. d6 Rd4 44. c6 Kg7 45. d7 Kf7 46. Nc5 Ke7 47. Rxd3 Rxd3 48. Nxd3 Kd6 49. Nc5 1-0

[Event "Dresden ZMD op"]
[Site "Dresden"]
[Date "2009.07.28"]
[Round "4"]
[White "Boewer, Roland"]
[Black "Markowski, Tomasz"]
[Result "0-1"]
[WhiteElo "2249"]
[BlackElo "2627"]
[PlyCount "92"]
[EventDate "2009.07.25"]
[EventType "swiss"]
[EventRounds "9"]
[EventCountry "GER"]
[SourceTitle "CBM 131 Extra"]
[Source "ChessBase"]
[SourceDate "2009.09.03"]
[SourceVersion "2"]
[SourceVersionDate "2009.09.16"]
[SourceQuality "1"]

1. e4 d6 2. d4 Nf6 3. Nc3 g6 4. Nf3 Bg7 5. h3 0-0 6. Be3 c6 7. a4 Nbd7 8. Qd2 Qc7 9. a5 Rb8 10. Be2 b5 11. axb6 axb6 12. 0-0 b5 13. e5 b4 14. exf6 bxc3 15. bxc3 Nxf6 16. c4 Bf5 17. Bd3 Bxd3 18. cxd3 Rb3 19. Rfb1 Rxb1+ 20. Rxb1 Nd7 21. Rb3 Rb8 22. Qb2 Rxb3 23. Qxb3 Nf8 24. d5 cxd5 25. cxd5 Nd7 26. Qa4 Bf6 27. Qc6 Qd8 28. Bd4 Bxd4 29. Nxd4 Nf6 30. Qb5 Qa8 31. Nc6 Qa1+ 32. Kh2 Kg7 33. Qc4 h5 34. g3 Qf1 35. Qd4 Kf8 36. g4 hxg4 37. hxg4 Qd1 38. Kg3 Qg1+ 39. Kf3 Qh1+ 40. Kg3 Nxd5 41. Qe4 Qg1+ 42. Kf3 e6 43. Nd4 Nf6 44. Qf4 Qd1+ 45. Kg3 Qxd3+ 46. f3 Kg7 0-1

[Event "Dresden ZMD op"]
[Site "Dresden"]
[Date "2009.07.25"]
[Round "1"]
[White "Jahn, Dietmar"]
[Black "Boewer, Roland"]
[Result "0-1"]
[WhiteElo "1827"]
[BlackElo "2249"]
[PlyCount "38"]
[EventDate "2009.07.25"]
[EventType "swiss"]
[EventRounds "9"]
[EventCountry "GER"]
[SourceTitle "CBM 131 Extra"]
[Source "ChessBase"]
[SourceDate "2009.09.03"]
[SourceVersion "2"]
[SourceVersionDate "2009.09.16"]
[SourceQuality "1"]

1. b4 e5 2. Bb2 Bxb4 3. Bxe5 Nf6 4. Nc3 Be7 5. e3 0-0 6. Be2 Re8 7. Nf3 b6 8. 0-0 Bb7 9. Rb1 d6 10. Bg3 Nh5 11. Nd4 Nxg3 12. fxg3 Bf6 13. Bf3 d5 14. Bh5 Nd7 15. Bxf7+ Kxf7 16. Qh5+ Kg8 17. Nxd5 c6 18. Nxf6+ Nxf6 19. Qe2 Qxd4 0-1

[Event "Berlin Lichtenrade op 04th"]
[Site "Berlin"]
[Date "2008.10.21"]
[Round "4"]
[White "Schulz, Michael3333"]
[Black "Boewer, Roland"]
[Result "1/2-1/2"]
[WhiteElo "2052"]
[BlackElo "2238"]
[PlyCount "34"]
[EventDate "2008.10.18"]
[EventType "swiss"]
[EventRounds "9"]
[EventCountry "GER"]
[SourceTitle "CBM 126 Extra"]
[Source "ChessBase"]
[SourceDate "2008.11.05"]
[SourceVersion "1"]
[SourceVersionDate "2008.11.05"]
[SourceQuality "1"]

1. e4 d6 2. d4 Nf6 3. Bd3 e5 4. c3 Be7 5. f4 exd4 6. cxd4 d5 7. e5 Ne4 8. Bxe4 dxe4 9. Nc3 Bb4 10. Nge2 Bxc3+ 11. Nxc3 f5 12. d5 c6 13. Be3 cxd5 14. Qxd5 Qxd5 15. Nxd5 Na6 16. Rc1 0-0 17. Nc7 Nxc7 1/2-1/2

[Event "Dresden ZMD op"]
[Site "Dresden"]
[Date "2008.07.25"]
[Round "7"]
[White "Boewer, Roland"]
[Black "Markgraf, Stefan"]
[Result "1-0"]
[WhiteElo "2253"]
[BlackElo "2100"]
[PlyCount "54"]
[EventDate "2008.07.19"]
[EventType "swiss"]
[EventRounds "9"]
[EventCountry "GER"]
[SourceTitle "CBM 125 Extra"]
[Source "ChessBase"]
[SourceDate "2008.09.01"]
[SourceVersion "1"]
[SourceVersionDate "2008.09.01"]
[SourceQuality "1"]

1. e4 e5 2. Bc4 Nc6 3. Nc3 Nf6 4. d3 d6 5. Nge2 Be7 6. 0-0 0-0 7. f4 Be6 8. Bb3 Bxb3 9. axb3 a6 10. d4 Ne8 11. d5 Nb8 12. Ng3 Nd7 13. Nf5 Nef6 14. Rf3 exf4 15. Bxf4 Ne5 16. Rg3 Ng6 17. Be3 Qd7 18. Qf3 Kh8 19. Bd4 Ne8 20. Rf1 Ne5 21. Qe3 Bf6 22. Ne2 Ng6 23. Rh3 Ne5 24. Bxe5 dxe5 25. Rxh7+ Kxh7 26. Qh3+ Bh4 27. Qxh4+ Kg8 1-0

[Event "Oberliga Nord O 0708"]
[Site "Germany"]
[Date "2008.03.09"]
[Round "7.4"]
[White "Boewer, Roland"]
[Black "Sawatzki, Joerg"]
[Result "1-0"]
[WhiteElo "2237"]
[BlackElo "2230"]
[PlyCount "95"]
[EventDate "2007.10.21"]
[EventType "team-tourn"]
[EventRounds "9"]
[EventCountry "GER"]
[SourceTitle "EXT 2009"]
[Source "ChessBase"]
[SourceDate "2008.11.26"]
[SourceVersion "1"]
[SourceVersionDate "2008.11.26"]
[SourceQuality "1"]
[WhiteTeam "Pankow Rotation"]
[BlackTeam "Friesen Lichtenberg"]
[WhiteTeamCountry "GER"]
[BlackTeamCountry "GER"]

1. e4 e5 2. Nf3 d6 3. Bc4 Nf6 4. Ng5 d5 5. exd5 h6 6. Nf3 e4 7. Nd4 c6 8. 0-0 cxd5 9. Bb5+ Bd7 10. d3 Be7 11. dxe4 dxe4 12. Nc3 0-0 13. Bxd7 Qxd7 14. Ndb5 Rd8 15. Qxd7 Rxd7 16. Be3 Nc6 17. Rad1 Rxd1 18. Rxd1 a6 19. Nd6 Rd8 20. Nf5 Rxd1+ 21. Nxd1 Bf8 22. a3 Ne5 23. Bd4 Nfd7 24. Ng3 Bc5 25. Bxe5 Nxe5 26. Nxe4 Be7 27. Kf1 f5 28. Nec3 Kf7 29. Ne3 g6 30. f4 Nd7 31. Ke2 Ke6 32. Ncd5 Bd6 33. c4 Nc5 34. b4 Ne4 35. Nc2 Bf8 36. Nd4+ Kf7 37. Ke3 Bg7 38. c5 a5 39. g4 axb4 40. axb4 Bf8 41. gxf5 gxf5 42. Nxf5 Nxc5 43. bxc5 Bxc5+ 44. Ke4 Kg6 45. Nd4 Ba3 46. h3 Bb2 47. f5+ Kg7 48. Nb5 1-0

[Event "Oberliga Nord O 0708"]
[Site "Germany"]
[Date "2008.01.20"]
[Round "5.3"]
[White "Horn, Sven"]
[Black "Boewer, Roland"]
[Result "1/2-1/2"]
[WhiteElo "2111"]
[BlackElo "2237"]
[PlyCount "33"]
[EventDate "2007.10.21"]
[EventType "team-tourn"]
[EventRounds "9"]
[EventCountry "GER"]
[SourceTitle "EXT 2009"]
[Source "ChessBase"]
[SourceDate "2008.11.26"]
[SourceVersion "1"]
[SourceVersionDate "2008.11.26"]
[SourceQuality "1"]
[WhiteTeam "Lasker Steglitz"]
[BlackTeam "Pankow Rotation"]
[WhiteTeamCountry "GER"]
[BlackTeamCountry "GER"]

1. e4 c5 2. Nf3 d6 3. d4 cxd4 4. Nxd4 Nf6 5. Nc3 a6 6. Bg5 e6 7. f4 Be7 8. Qf3 Qc7 9. 0-0-0 Nbd7 10. g4 b5 11. Bxf6 Nxf6 12. g5 Nd7 13. f5 Nc5 14. f6 gxf6 15. gxf6 Bf8 16. Rg1 b4 17. Nce2 1/2-1/2

[Event "Oberliga Nord O 0708"]
[Site "Germany"]
[Date "2007.12.09"]
[Round "4.4"]
[White "Kleeschaetzky, Ralf"]
[Black "Boewer, Roland"]
[Result "1/2-1/2"]
[WhiteElo "2235"]
[BlackElo "2237"]
[PlyCount "27"]
[EventDate "2007.10.21"]
[EventType "team-tourn"]
[EventRounds "9"]
[EventCountry "GER"]
[SourceTitle "EXT 2009"]
[Source "ChessBase"]
[SourceDate "2008.11.26"]
[SourceVersion "1"]
[SourceVersionDate "2008.11.26"]
[SourceQuality "1"]
[WhiteTeam "Oberschoeneweide"]
[BlackTeam "Pankow Rotation"]
[WhiteTeamCountry "GER"]
[BlackTeamCountry "GER"]

1. d4 Nf6 2. c4 d6 3. Nc3 Nbd7 4. e4 e5 5. Nf3 Be7 6. Be2 0-0 7. 0-0 c6 8. Qc2 Qc7 9. Be3 Re8 10. d5 c5 11. Ne1 Nf8 12. Nd3 Ng6 13. Qd1 Bd7 14. Rc1 1/2-1/2

[Event "Berlin op 05"]
[Site "Berlin"]
[Date "2006.05.27"]
[Round "6"]
[White "Kalinitschew, Sergey"]
[Black "Boewer, Roland"]
[Result "1/2-1/2"]
[WhiteElo "2450"]
[BlackElo "2151"]
[PlyCount "114"]
[EventDate "2006.05.24"]
[EventType "swiss"]
[EventRounds "7"]
[EventCountry "GER"]
[SourceTitle "EXT 2007"]
[Source "ChessBase"]
[SourceDate "2006.11.23"]
[SourceVersion "1"]
[SourceVersionDate "2006.11.23"]
[SourceQuality "1"]

1. d4 Nf6 2. c4 d6 3. Nc3 Nbd7 4. Nf3 e5 5. Bg5 Be7 6. e3 Ng8 7. Bxe7 Nxe7 8. Qc2 c6 9. Be2 Qc7 10. 0-0 Nf6 11. Rfd1 Bg4 12. Ng5 Bxe2 13. Qxe2 0-0 14. Nge4 Nxe4 15. Nxe4 d5 16. cxd5 Nxd5 17. Nc5 Rfe8 18. Qc2 Nf6 19. dxe5 Rxe5 20. h3 Ree8 21. b4 Rad8 22. a3 h6 23. Qf5 a5 24. Nb3 axb4 25. axb4 Rd5 26. Rxd5 Nxd5 27. b5 Nf6 28. bxc6 Qxc6 29. Nd4 Qd5 30. Rb1 Qxf5 31. Nxf5 Rb8 32. Ne7+ Kf8 33. Nc6 Rc8 34. Na5 b6 35. Rxb6 Rc1+ 36. Kh2 Rc2 37. f3 Nd5 38. Rb3 Re2 39. Nc4 Ke7 40. h4 Rc2 41. Nb6 Nxb6 42. Rxb6 Ra2 43. h5 Ra5 44. Rb7+ Ke6 45. g4 Ra3 46. Rb8 Ke7 47. Rg8 Rxe3 48. Rxg7 Rxf3 49. Kg2 Rf6 50. Rg8 Rb6 51. Kg3 Kf6 52. Kh4 Rb4 53. Rc8 Ra4 54. Rc5 Rb4 55. Rf5+ Kg7 56. Kg3 Rb3+ 57. Rf3 Rb4 1/2-1/2

[Event "Berlin op 05"]
[Site "Berlin"]
[Date "2006.05.26"]
[Round "4"]
[White "Boewer, Roland"]
[Black "Wendt, Jan Dietrich"]
[Result "1/2-1/2"]
[WhiteElo "2151"]
[BlackElo "2277"]
[PlyCount "74"]
[EventDate "2006.05.24"]
[EventType "swiss"]
[EventRounds "7"]
[EventCountry "GER"]
[SourceTitle "EXT 2007"]
[Source "ChessBase"]
[SourceDate "2006.11.23"]
[SourceVersion "1"]
[SourceVersionDate "2006.11.23"]
[SourceQuality "1"]

1. e4 c5 2. Nf3 Nc6 3. Bb5 Nf6 4. Nc3 g6 5. 0-0 Bg7 6. Re1 0-0 7. h3 Ne8 8. a3 Nc7 9. Bc4 d6 10. d3 Rb8 11. Rb1 b5 12. Ba2 a5 13. Bg5 Ne6 14. Bh4 Ba6 15. Qd2 b4 16. Nd5 Rb7 17. Ne3 Ned4 18. Nxd4 cxd4 19. Ng4 Kh8 20. Bd5 Rc7 21. Ra1 Bc8 22. Bxc6 Rxc6 23. axb4 axb4 24. Qxb4 Rxc2 25. Ra7 f6 26. Bg3 e5 27. f4 h5 28. Nh2 Be6 29. Rea1 Qc8 30. Qb7 Rc1+ 31. Rxc1 Qxc1+ 32. Nf1 Bf7 33. Qb4 exf4 34. Bf2 f3 35. gxf3 Qg5+ 36. Kh1 Qf4 37. Kg2 Qg5+ 1/2-1/2

[Event "Berlin op 05"]
[Site "Berlin"]
[Date "2006.05.25"]
[Round "3"]
[White "Graefe, Charly"]
[Black "Boewer, Roland"]
[Result "0-1"]
[WhiteElo "1706"]
[BlackElo "2151"]
[PlyCount "56"]
[EventDate "2006.05.24"]
[EventType "swiss"]
[EventRounds "7"]
[EventCountry "GER"]
[SourceTitle "EXT 2007"]
[Source "ChessBase"]
[SourceDate "2006.11.23"]
[SourceVersion "1"]
[SourceVersionDate "2006.11.23"]
[SourceQuality "1"]

1. Nf3 d5 2. g3 Nf6 3. Bg2 Bg4 4. 0-0 c6 5. d3 Nbd7 6. Nbd2 e6 7. c4 Be7 8. a3 a5 9. b3 0-0 10. Bb2 h6 11. h3 Bf5 12. Re1 Bh7 13. e4 Nc5 14. Qc2 dxe4 15. dxe4 Qd3 16. Qc3 Qxc3 17. Bxc3 Ncxe4 18. Nxe4 Nxe4 19. Bd4 Nf6 20. Ne5 Rfd8 21. Bc3 Nd7 22. Nf3 Nc5 23. b4 Ne4 24. Be5 axb4 25. axb4 Bxb4 26. Rxa8 Rxa8 27. Rd1 Bc5 28. g4 Nxf2 0-1

[Event "Berlin Eckbauer op 5th"]
[Site "Berlin"]
[Date "2002.10.07"]
[Round "1"]
[White "Boewer, Roland"]
[Black "Figura, Aleksandar"]
[Result "1-0"]
[WhiteElo "2166"]
[BlackElo "1633"]
[PlyCount "49"]
[EventDate "2002.10.??"]
[EventType "swiss"]
[EventRounds "7"]
[EventCountry "GER"]
[SourceTitle "EXT 2005"]
[Source "ChessBase"]
[SourceDate "2004.11.15"]
[SourceVersion "1"]
[SourceVersionDate "2004.11.15"]
[SourceQuality "1"]

1. Nf3 Nf6 2. g3 e6 3. Bg2 d5 4. 0-0 c5 5. d3 Nc6 6. Nbd2 Qc7 7. e4 Be7 8. Re1 Nd7 9. c3 b6 10. exd5 exd5 11. Nf1 0-0 12. d4 Nf6 13. Bf4 Bd6 14. Bxd6 Qxd6 15. Ne5 Be6 16. Qa4 Bd7 17. Nxd7 Qxd7 18. dxc5 bxc5 19. Rad1 Rac8 20. Ne3 d4 21. Bxc6 Rxc6 22. cxd4 cxd4 23. Qxd4 Qxd4 24. Rxd4 Rb6 25. b3 1-0

[Event "Berlin-ch MK"]
[Site "Berlin"]
[Date "2002.04.04"]
[Round "7"]
[White "Boewer, Roland"]
[Black "Welz, Peter"]
[Result "1-0"]
[WhiteElo "2210"]
[BlackElo "2236"]
[PlyCount "85"]
[EventDate "2002.03.29"]
[EventType "swiss"]
[EventRounds "9"]
[EventCountry "GER"]
[SourceTitle "EXT 2008"]
[Source "ChessBase"]
[SourceDate "2007.11.25"]
[SourceVersion "1"]
[SourceVersionDate "2007.11.25"]
[SourceQuality "1"]

1. e4 e6 2. d3 d5 3. Nd2 Nf6 4. Ngf3 c5 5. c3 Nc6 6. Be2 Be7 7. 0-0 0-0 8. Qc2 b6 9. Re1 Bb7 10. Nf1 d4 11. Ng3 Qd7 12. cxd4 cxd4 13. Bd2 Rac8 14. Rec1 g6 15. a3 h5 16. Qd1 Kg7 17. h4 Ng4 18. Ng5 f6 19. Nh3 e5 20. b4 Qe6 21. f4 Rh8 22. f5 Qf7 23. Bxg4 hxg4 24. Qxg4 Rcg8 25. fxg6 Qxg6 26. Qxg6+ Kxg6 27. b5 Nd8 28. Rc7 Rh7 29. h5+ Kf7 30. Nf5 Ke6 31. Bb4 Bxb4 32. Rxh7 Bc5 33. Rc1 Nf7 34. Nf2 a5 35. a4 Bc8 36. Rxf7 Kxf7 37. Nh6+ Kg7 38. Nxg8 Kxg8 39. g4 Kg7 40. Kg2 Be6 41. Kf3 Kh6 42. Rxc5 bxc5 43. b6 1-0

[Event "Werther Schloss op-A 8th"]
[Site "Werther"]
[Date "2002.03.23"]
[Round "3"]
[White "Boewer, Roland"]
[Black "Adam, Detlef"]
[Result "1-0"]
[WhiteElo "2210"]
[BlackElo "2016"]
[PlyCount "121"]
[EventDate "2002.03.22"]
[EventType "swiss"]
[EventRounds "5"]
[EventCountry "GER"]
[SourceTitle "CBM 087 Extra"]
[Source "ChessBase"]
[SourceDate "2002.05.03"]
[SourceVersion "2"]
[SourceVersionDate "2002.08.09"]
[SourceQuality "1"]

1. e4 d5 2. exd5 Nf6 3. d4 Nxd5 4. Nf3 Bg4 5. Be2 e6 6. 0-0 Be7 7. c4 Nb6 8. b3 0-0 9. Bb2 Nc6 10. Na3 Nb4 11. Nc2 a5 12. Ne3 Bh5 13. Ne5 Bxe2 14. Qxe2 Qe8 15. Qg4 f5 16. Qe2 f4 17. Nd1 Nc6 18. Nxc6 Qxc6 19. d5 Qd6 20. Re1 Rae8 21. Qxe6+ Qxe6 22. Rxe6 Bf6 23. Rxe8 Rxe8 24. Kf1 Nd7 25. Bxf6 Nxf6 26. Nc3 Kf7 27. Re1 Rd8 28. Rd1 c6 29. dxc6 Rxd1+ 30. Nxd1 bxc6 31. Ke2 Ke6 32. Kd3 Ke5 33. a3 g5 34. f3 h5 35. Nc3 g4 36. b4 axb4 37. axb4 h4 38. h3 gxf3 39. gxf3 Nh5 40. b5 cxb5 41. cxb5 Ng3 42. b6 Kd6 43. Nd5 Kc6 44. Nxf4 Kxb6 45. Ng6 Kc5 46. Nxh4 Kd5 47. Ke3 Ke5 48. f4+ Kf6 49. Kf3 Nh5 50. Kg4 Ng7 51. f5 Ne8 52. Ng2 Ng7 53. Ne3 Ke5 54. Kg5 Ke4 55. Kg6 Ne8 56. f6 Nd6 57. Ng2 Kf3 58. f7 Nxf7 59. Kxf7 Kg3 60. h4 Kg4 61. Kg6 1-0

[Event "Werther Schloss op-A 8th"]
[Site "Werther"]
[Date "2002.03.22"]
[Round "1"]
[White "Boewer, Roland"]
[Black "Klassmann, Herbert"]
[Result "1-0"]
[WhiteElo "2210"]
[BlackElo "1980"]
[PlyCount "95"]
[EventDate "2002.03.22"]
[EventType "swiss"]
[EventRounds "5"]
[EventCountry "GER"]
[SourceTitle "CBM 087 Extra"]
[Source "ChessBase"]
[SourceDate "2002.05.03"]
[SourceVersion "2"]
[SourceVersionDate "2002.08.09"]
[SourceQuality "1"]

1. e4 e5 2. Nf3 Nc6 3. Bc4 Be7 4. 0-0 d6 5. c3 Nf6 6. d3 0-0 7. Nbd2 Be6 8. Re1 Bxc4 9. dxc4 h6 10. Nf1 Nh7 11. Ng3 Ng5 12. Nf5 Nxf3+ 13. Qxf3 Bg5 14. Qg4 Qf6 15. Be3 b6 16. Rad1 Ne7 17. Bxg5 hxg5 18. Ne3 Rad8 19. Rd3 Qf4 20. Qd1 g6 21. Ng4 f5 22. Nh6+ Kg7 23. g3 Qxe4 24. Rxe4 fxe4 25. Re3 Kxh6 26. Rxe4 Ng8 27. Qd2 Rf5 28. h4 Rdf8 29. hxg5+ Kg7 30. Re2 Ne7 31. b4 Rd8 32. Qe3 Rdf8 33. Kg2 R5f7 34. Qe4 Nf5 35. c5 Re7 36. Qb7 bxc5 37. bxc5 Rfe8 38. Qxa7 e4 39. a4 d5 40. c6 Nd6 41. Qd4+ Re5 42. a5 Nf5 43. Qa7 R8e7 44. a6 Nd6 45. Qc5 d4 46. Qxd4 Nb5 47. Qb4 R7e6 48. Ra2 1-0

[Event "Dresden ZMD op"]
[Site "Dresden"]
[Date "2002.??.??"]
[Round "8"]
[White "Boewer, Roland"]
[Black "Hossain, Enamul"]
[Result "1/2-1/2"]
[WhiteElo "2220"]
[BlackElo "2385"]
[PlyCount "111"]
[EventDate "2002.07.18"]
[EventType "swiss"]
[EventRounds "9"]
[EventCountry "GER"]
[SourceTitle "EXT 2003"]
[Source "ChessBase"]
[SourceDate "2002.11.25"]
[SourceVersion "1"]
[SourceVersionDate "2002.11.25"]
[SourceQuality "1"]

1. e4 c5 2. Nf3 Nc6 3. d4 cxd4 4. Nxd4 Nf6 5. Nc3 e5 6. Ndb5 d6 7. Bg5 a6 8. Na3 b5 9. Bxf6 gxf6 10. Nd5 f5 11. c3 Bg7 12. exf5 Bxf5 13. Nc2 Be6 14. Nce3 Ne7 15. a4 Nxd5 16. Nxd5 0-0 17. Be2 Qg5 18. Nc7 Rad8 19. axb5 axb5 20. Nxe6 fxe6 21. 0-0 b4 22. cxb4 e4 23. Ra3 Kh8 24. Rh3 d5 25. f3 Rg8 26. Rg3 Qe3+ 27. Kh1 Be5 28. Rxg8+ Rxg8 29. fxe4 Qxe4 30. Bf3 Qh4 31. g3 Bxg3 32. Qe2 Bd6 33. b5 Rf8 34. Qg2 Rg8 35. Qf2 Qf4 36. Be2 Qxf2 37. Rxf2 Bc5 38. Rf1 e5 39. h3 Rg3 40. Bg4 e4 41. b4 Bxb4 42. b6 Rb3 43. Be6 e3 44. Rg1 h5 45. Bxd5 Rb2 46. b7 Bd6 47. Re1 Bf4 48. Bf3 h4 49. Re2 Rb4 50. Kg2 Kg7 51. Bd5 Kf6 52. Kf3 Ke5 53. Bc6 Rb3 54. Rc2 Bh6 55. Rc5+ Kd6 56. Rb5 1/2-1/2

[Event "Dresden ZMD op"]
[Site "Dresden"]
[Date "2002.??.??"]
[Round "9"]
[White "Elfert, Aleksandr V"]
[Black "Boewer, Roland"]
[Result "0-1"]
[WhiteElo "2365"]
[BlackElo "2220"]
[PlyCount "64"]
[EventDate "2002.07.18"]
[EventType "swiss"]
[EventRounds "9"]
[EventCountry "GER"]
[SourceTitle "EXT 2003"]
[Source "ChessBase"]
[SourceDate "2002.11.25"]
[SourceVersion "1"]
[SourceVersionDate "2002.11.25"]
[SourceQuality "1"]

1. d4 Nf6 2. Bg5 g6 3. Bxf6 exf6 4. e3 Bg7 5. Bd3 0-0 6. h4 d5 7. h5 Re8 8. c3 f5 9. Qf3 Qd6 10. Nd2 Nd7 11. hxg6 fxg6 12. g4 fxg4 13. Qg2 Nf8 14. 0-0-0 Be6 15. Ne2 c5 16. Nf4 cxd4 17. exd4 Qxf4 18. Kb1 Rad8 19. f3 Bf5 20. Bxf5 Qxf5+ 21. Ka1 gxf3 22. Nxf3 Re4 23. Rdg1 Rde8 24. Nh4 Qe6 25. Nf3 Re2 26. Qg3 Qf5 27. a3 R8e3 28. Rf1 Qc2 29. Rb1 Rf2 30. Qd6 Rexf3 31. Qxd5+ Rf7 32. Rhf1 Qf5 0-1